000 00368nam a2200157Ia 4500
008 230711s9999||||xx |||||||||||||| ||und||
041 _aENG
082 _a720
_bVO-C
100 _aVolwahsen,Andreas
245 0 _aCosmic Architecture in India
250 _a1st Ed.
260 _c2001
_aLondon
_bMunich Prestel
300 _a158
650 _aArchitecture
942 _cBK
999 _c5059
_d5059